000
00354nam a2200145Ia 4500
008
230718s9999 xx 000 0 und d
041
_a
Eng.
082
_a
341.4
_b
HUS-I
100
_a
Hussain,Ashfaq Raja
245
0
_a
International judicial Conference
260
_a
Pakistan
_b
Islamabad,Pakistan
_c
2013
300
_a
455
650
_a
Law
999
_c
30611
_d
30611